=LDR 00000nam 2200000 4500 =001 INLIS000000000048080 =005 20240514103440 =035 ##$$a 0010-041600000000061 =008 240514###########################0###### =020 ##$$a 978-602-98182-4-6 =082 ##$$a 371.9 =100 ##$$a Misbach D =245 1#$$a Seluk beluk tunadaksa & strategi pembelajarannya /$c Misbach D =260 ##$$a Jogjakarta :$b Javalitera,$c 2012 =300 ##$$a 110 Hlm ; $c 21 Cm =084 ##$$a 371.9 MIS s =990 ##$$a 0001/BPAP-NTB/2016 =990 ##$$a 0001/BPAP-NTB/2016 =990 ##$$a 01201708605